Представление документа в формате RUSMARC

ПолеНазваниеЗначение
  Тип записи a
  Библиографический уровень m
001 Контрольный номер LIBNET\0000971391
005 Дата корректировки 20201206205209.8
010 Индекс ISBN __
a ISBN 978-5-386-12129-7 (в пер.)
d Цена 737-70
100 Данные общей обработки __
a Данные общей обработки 19190305d2018####|||y0rusy0189 ca
101 Язык документа 0_
a Язык текста rus
102 Страна публикации __
a Страна публикации RU
102 Страна публикации __
a Страна публикации RU
105 Кодированные данные (монография) __
a Кодированные данные (монография) #|||||||000zy
200 Заглавие и сведения об ответственности 1_
a Заглавие Держаться за землю
e Сведения, относящиеся к заглавию роман
f Первые сведения об ответственности Сергей Самсонов
b Общее обозначение материала Текст
210 Выходные данные __
a Место издания Санкт-Петербург
a Место издания Москва
c Издательство Пальмира
c Издательство РИПОЛ классик
d Дата издания 2018
215 Физическое описание __
a Объем 574, [1] с.
d Формат 22 см
300 Общие примечания __
a Общие примечания Содержит нецензурную брань
330 Аннотация __
a Аннотация Донбасский шахтерский город, жители которого потомственно занимаются угледобычей, оказывается на линии противоборства двух враждующих сторон. Несколько совершенно разных людей: два брата-шахтера, чиновник Министерства энергетики и угольной промышленности, пробившийся в верхи из горных инженеров, "идейный" боец украинского добровольческого батальона, полковник ВСУ и бывший российский офицер - вольно или невольно становятся защитниками и разрушителями города.
333 Примечание о целевом назначении __
a Примечание о целевом назначении 18+. Запрещено для детей
606 Тематические рубрики __
a Основная рубрика Художественная литература
606 Тематические рубрики __
a Основная рубрика Современная русская литература (произведения)
610 Ключевые слова __
a Ключевые слова романы
610 Ключевые слова __
a Ключевые слова проза
610 Ключевые слова __
a Ключевые слова современная проза
610 Ключевые слова __
a Ключевые слова шахтеры
610 Ключевые слова __
a Ключевые слова тема шахтеров
610 Ключевые слова __
a Ключевые слова конфликты
610 Ключевые слова __
a Ключевые слова региональные конфликты
610 Ключевые слова __
a Ключевые слова тема Украины
610 Ключевые слова __
a Ключевые слова тема войны
686 Индексы других классификаций __
2 Код системы rubbks
a Классификационный индекс 84(2=411.2)6-4; ст84(2=411.2)6-4
700 Автор _1
a Фамилия Самсонов
b Имя С. А.
f Даты 1980-
g Полное личное имя Сергей Анатольевич
4 Код отношения 070
801 Источник записи _0
a Страна RU
b Организация Липецкая ОУНБ
c Дата составления 20190305
g Правила каталогизации PSBO
801 Источник записи _2
a Страна RU
b Организация Муниципальное бюджетное учреждение культуры "Централизованная библиотечная система" г. Сургут (Центральная городская библиотека им. А. С. Пушкина)
c Дата составления 20190305
852 Данные о местонахождении __
j Шифр хранения 84(2=411.2)6-4
i Авторский знак С 17
901 Тип документа __
a Ответственный ООФиК/Волкова
t Тип документа m
903 Характеристики (МАРС) __
a Дата передачи 20190911
990 Данные о заказе (DOS) __
j Количество экземпляров (DOS) 2
t N записи в КСУ для И/У (DOS) 201909